| 000 | 00811 am a22002538a 4500 | ||
|---|---|---|---|
| 001 | 006941834 | ||
| 005 | 20141211145030.0 | ||
| 008 | 040212t2001 xxua frbd 001 0 eng d | ||
| 020 | _a9780262541756 | ||
| 040 | _aEG-ScBUE | ||
| 082 | 0 | 0 |
_a332.645 _222 _bDAV |
| 100 | 1 |
_aDavis, E. P. _q(E. Philip), _d1957- _936883 |
|
| 245 | 1 | 0 |
_aInstitutional investors / _cE. Philip Davis and Benn Steil. |
| 260 |
_aCambridge, United States ; _aLondon : _bThe MIT Press, _cc.2001. |
||
| 300 |
_axxxi, 524 p. : _btables ; _c22 cm. |
||
| 500 | _aGlossary : p. 437-455. | ||
| 500 | _aIncludes indexes. | ||
| 504 | _aBibliography : p. 457-488. | ||
| 650 | 0 |
_aInstitutional investments _936884 |
|
| 653 |
_bBUSADM _cOctober2014 |
||
| 655 |
_vreading book _934232 |
||
| 700 | 1 |
_aSteil, Benn _936885 |
|
| 942 |
_2ddc _k332.645 DAV |
||
| 999 |
_c18759 _d18731 |
||